| 000 | 00986nas a2200313 4500 | ||
|---|---|---|---|
| 001 | BR2015000157 | ||
| 003 | BR-BrBNA | ||
| 005 | 20231205124908.0 | ||
| 007 | ta | ||
| 008 | 230509b bl.|||p| |||| 00| 00por d | ||
| 040 |
_aBR-BrBNA _bpor _cBiblioteca Nacional de Agricultura |
||
| 041 | _a(Pt) | ||
| 072 | _aH10; H20 | ||
| 100 | 1 | _aMarsaro Júnior, A.L. | |
| 100 | 1 | _aGuidolin, A.S. | |
| 100 | 1 | _aCônsoli, F.L. | |
| 100 | 1 | _aFreitas-Astúa, J. | |
| 245 | 1 | _aPrimeiro registro de Diaphorina citri Kuwayama, 1908 (hemiptera: liviidae)para o estado de Roraima, Brasil | |
| 650 | _aPRAGA DE PLANTA | ||
| 650 | _aDOENÇA DE PLANTA | ||
| 650 | _aINIMIGO NATURAL | ||
| 650 | _aCITRICULTURA | ||
| 650 | _aCONTROLE INTEGRADO | ||
| 650 | _aDISTRIBUIÇÃO GEOGRÁFICA | ||
| 650 | _aAMAZÔNIA | ||
| 773 | 0 |
_tRevista de Agricultura (Brazil) _xISSN 0034-7655 _g(Dec 2014), v. 89(3) p. 183-186 _wBR2015000157 |
|
| 909 |
_a202311 _bLúcia _c55 _dLúcia Elande |
||
| 942 |
_2AGRIS _n0 _cANA |
||
| 999 |
_c241483 _d241483 |
||